Top Marks in C.O.U and selectividad

Gespeichert in:
Bibliographische Detailangaben
1. Verfasser: Denton, Jane
Weitere Verfasser: Fidalgo Benayas, Adela .
Format: Buch
Sprache:Nichtbestimmte Sprache
Erschienen: Limassol (Cyprus) : Burlington Books, 1995
Katalog:MANES:  Suchergebnis im Bibliothekskatalog
Schulbuchspezifische Eigenschaften:
Schlagworte:
Tags: Tag hinzufügen
Keine Tags, Fügen Sie den ersten Tag hinzu!
Geändert in:07.05.2025

MARC

LEADER 00000cam a2200000 i 4500
005 20250507134449.0
008 300398 1995 cypa fp 000 0 und d
020 |a 9963602673 
040 |a uned  |b spa  |c entro-manes 
100 1 |a Denton, Jane  |9 38872 
245 1 0 |a Top Marks in C.O.U and selectividad /   |c Jane Denton with Adela Fidalgo Benayas 
260 |a Limassol (Cyprus) :   |b Burlington Books,   |c 1995 
300 |a 127 p. :   |b il. 
546 |a España 
561 |5 es-BUNED  |3 L.T.M. 2992  |a España. Fondo Manes UNED  |k MANES 
690 0 |a LE 
650 7 |a Selectividad  |9 36648 
691 0 |a SE 
700 1 |a Fidalgo Benayas, Adela .  |9 38873 
942 |2 ddc  |c BK 
999 |c 95021  |d 95021 
999 |c manes:95021  |d 95021